Stochastic integration and differential equations : a new approach /
Guardado en:
| Autor Principal: | |
|---|---|
| Formato: | Libro |
| Idioma: | English |
| Publicado: |
Berlin :
Springer-Verlag,
c1990.
|
| Series: | Applications of mathematics ;
21 |
| Materias: | |
| Etiquetas: |
Agregar Etiqueta
Sin Etiquetas, Sea el primero en etiquetar este registro!
|
| LEADER | 00872cam a2200253 a 4500 | ||
|---|---|---|---|
| 001 | MAT.inmabb003523 | ||
| 008 | 891201s1990####gw#######b####001#0#eng## | ||
| 005 | 20150320171355.0 | ||
| 245 | 1 | 0 | |a Stochastic integration and differential equations : |b a new approach / |c Philip Protter. |
| 260 | |a Berlin : |b Springer-Verlag, |c c1990. | ||
| 300 | |a x, 302 p. ; |c 25 cm. | ||
| 440 | 0 | |a Applications of mathematics ; |v 21 | |
| 504 | |a Incluye referencias bibliográficas (p. [285]-293) | ||
| 510 | 4 | |a MR, |c 91i:60148 | |
| 020 | |a 3540509968 | ||
| 020 | |a 0387509968 (New York) | ||
| 100 | 1 | |a Protter, Philip E. | |
| 650 | 0 | |a Stochastic integrals. | |
| 650 | 0 | |a Martingales (Mathematics) | |
| 650 | 0 | |a Stochastic differential equations. | |
| 084 | |a 60-02 (60G44 60H05 60H10 60H20) |2 msc2000 | ||
| 010 | |a 89026265 | ||
| 040 | |a DLC |c DLC |d DLC | ||
| 859 | |h 60 |i P967 |p A-6346 |b BIB. MATEMATICA | ||
